Selección de tests al servicio de la psicología infantil
Đã lưu trong:
| Tác giả chính: | |
|---|---|
| Định dạng: | Sách |
| Ngôn ngữ: | Tiếng Tây Ban Nha |
| Được phát hành: |
Buenos Aires
Kapelusz
1959
|
| Phiên bản: | 2a. ed |
| Loạt: | Biblioteca de Cultura Pedagógica, 60043
|
| Những chủ đề: | |
| Các nhãn: |
Thêm thẻ
Không có thẻ, Là người đầu tiên thẻ bản ghi này!
|
MARC
| LEADER | 00000nam a2200000 a 4500 | ||
|---|---|---|---|
| 001 | UCN5259 | ||
| 003 | CL-VaPUC | ||
| 008 | 010824e19590100AG |||||||||||||||||spa|d | ||
| 082 | 0 | 4 | |a 155.4180287 |b COL |2 21 |
| 100 | 0 | |a Collin, G |e author |9 461350 | |
| 245 | 1 | 0 | |a Selección de tests al servicio de la psicología infantil |
| 250 | |a 2a. ed | ||
| 300 | |a 366 p | ||
| 942 | |c BK | ||
| 945 | |d 20010824 00:00:00 |a cmena | ||
| 260 | |a Buenos Aires |b Kapelusz |c 1959 | ||
| 650 | 0 | |a Tests psicológicos |9 308644 | |
| 650 | 0 | |a Desarrollo individual |9 307875 | |
| 650 | 0 | |a Psicología del niño |9 307305 | |
| 650 | 0 | |a Cognición |9 270347 | |
| 650 | 0 | |a Desarrollo mental |9 313003 | |
| 650 | 0 | |a Personalidad |9 307255 | |
| 583 | |a last modification |c 20010824 00:00:00 |k Rodrigo Vera | ||
| 490 | 0 | |a Biblioteca de Cultura Pedagógica, 60043 | |
| 999 | |c 296913 |d 296911 | ||
| 952 | |0 0 |1 0 |4 0 |6 155_418028700000000_COL_1959 |7 0 |8 A |9 351204 |a FDOPOS |b FDOPOS |d 2019-11-21 |i 3691594 |o 155.4180287 COL 1959 |p 3691594 |r 2025-01-22 |w 2019-11-21 |y BK |k MLA | ||
| 952 | |0 0 |1 0 |4 0 |6 155_418028700000000_COL_1959 |7 0 |8 P |9 351205 |a BIBEDU |b BIBEDU |c BIBEDU_PB |d 2019-11-21 |i 4540646 |o 155.4180287 COL 1959 |p 4540646 |r 2024-01-25 |w 2019-11-21 |y BK |k PSI | ||